000
002380000a22000970004500
100
1
_a
Whitman, Andrew
245
1
0
_a
An ode to Robert Maxwell : Psalm 73
300
_a
Vol. 16, Núm 2 (1998), Páginas 34-38
773
0
_t
Evangel
942
_c
ANA
999
_c
54483
_d
54483